00947ntm a22002297a 450000500170000000800410001704000280005808200170008610000270010324501120013026000100024230000360025250001870028859000110047565000450048665300230053165500090055470000280056394200080059199900170059995201010061620170810125257.0170802s2013 xx a frb 000 0 eng d aEG-ScBUEbengcEG-ScBUE04222a621bSHE1 aShehata, Eman Mohamed.10aDesing and construction of tribometer for differnt abrasion modes /bEman Mohamed Shehata, Adham Osama Eid. c2013. a124 p. :bill. (col.) ;c28 cm. aA dissertation submitted to the faculty of engineering. the British university in Egypt, in partial Fulfillment of the requirements for the bachelor degree in mechanical engineering. akarima 72BUEshaMechanical Engineering.vProjects bENGMECcAugust2017 vSPRO1 aEid, Adham Osama,eths. 2ddc c25237d25209 00102ddc4070aMAINbMAINc2NDd2017-08-08l0o621 SHEp000046380r2025-07-15 00:00:00yPROJST